| 000 | 00765nam a22001577a 4500 | ||
|---|---|---|---|
| 003 | OSt | ||
| 005 | 20160210115737.0 | ||
| 008 | 160210b xxu||||| |||| 00| 0 eng d | ||
| 040 | _cRUA | ||
| 082 | _aMGR HIN 2004 B379 Or.1 | ||
| 100 |
_97015 _aHING SALIN, ហ៊ីង សាលីន |
||
| 245 | _aStudy on women participation in development of family pigs-raising in svay rieng province, សិក្សាពីការចូលរួមរបស់ស្ត្រីក្នុងការអភិវឌ្ឍន៍លើវិស័យចិញ្ចឹមជ្រូកជាលក្ខណៈគ្រួសារនៅខេត្តស្វាយរៀង | ||
| 260 |
_aPhnom Penh _bRUA _c2004 |
||
| 300 |
_axii; 65p. _bill. _c29cm. |
||
| 942 |
_2ddc _cNRM |
||
| 999 |
_c6603 _d6603 |
||